[Event "Nordic Youth CC 2020 - U11"]
[Site "Fredericia"]
[Date "2020.02.15"]
[Round "5.28"]
[White "Magnussen, Petur Garsar"]
[Black "Sakic, Matija"]
[Result "0-1"]
[WhiteElo "1000"]
[BlackElo "1444"]
[PlyCount "50"]
[EventDate "2020.02.??"]
[EventType "swiss"]
[EventRounds "6"]
[EventCountry "DEN"]

1. e4 e6 2. d4 d5 3. exd5 exd5 4. Bd3 Bd6 5. Nc3 c6 6. Nf3 Ne7 7. O-O O-O 8. h3
Bf5 9. Re1 Bxd3 10. cxd3 f6 11. Be3 Na6 12. a3 Nf5 13. Qe2 Re8 14. Qd2 Qc7 15.
Ne2 Nxe3 16. fxe3 Re7 17. Nf4 Rae8 18. Rac1 Qd7 19. Kf2 Nc7 20. Re2 Bxf4 21.
Rce1 Bh6 22. g4 Ne6 23. b4 Ng5 24. Nxg5 Bxg5 25. Qc2 Bh4+ 0-1

[Event "Nordic Youth CC 2020 - U11"]
[Site "Fredericia"]
[Date "2020.02.15"]
[Round "5.29"]
[White "Samuelsen, Brestir"]
[Black "Briem, Gudrun Fanney"]
[Result "0-1"]
[WhiteElo "1191"]
[BlackElo "1209"]
[PlyCount "60"]
[EventDate "2020.02.??"]
[EventType "swiss"]
[EventRounds "6"]
[EventCountry "DEN"]

1. e4 d5 2. exd5 Qxd5 3. Nc3 Qd6 4. d4 Nf6 5. Be3 c6 6. h3 Bf5 7. Bd3 Bg6 8.
Bxg6 hxg6 9. Nf3 e6 10. Qd3 Qb4 11. O-O-O a5 12. a3 Qd6 13. Ne5 Nbd7 14. Bf4
Nxe5 15. Bxe5 Qd7 16. Rhe1 Be7 17. Ne4 O-O 18. Nxf6+ gxf6 19. Bg3 b5 20. Re4 f5
21. Re5 Bd6 22. Re3 f4 23. Bxf4 Bxf4 24. Rh1 Bxe3+ 25. Qxe3 Kg7 26. Qe5+ f6 27.
Qg3 Qxd4 28. h4 e5 29. h5 Qf4+ 30. Qxf4 exf4 0-1

[Event "Nordic Youth CC 2020 - U11"]
[Site "Fredericia"]
[Date "2020.02.15"]
[Round "5.30"]
[White "Penki, Tunav Chand"]
[Black "Brynjarsson, Einar Dagur"]
[Result "0-1"]
[WhiteElo "1233"]
[BlackElo "1121"]
[PlyCount "64"]
[EventDate "2020.02.??"]
[EventType "swiss"]
[EventRounds "6"]
[EventCountry "DEN"]

1. e4 e5 2. Nf3 Nc6 3. Bc4 Bc5 4. c3 Nf6 5. d4 exd4 6. cxd4 Bb4+ 7. Nc3 Nxe4 8.
Qe2 d5 9. Ng5 O-O 10. Ngxe4 dxe4 11. d5 Nd4 12. Qd2 c5 13. dxc6 bxc6 14. a3 Ba5
15. b4 Bb6 16. Nxe4 Re8 17. f3 Bf5 18. Qd3 a5 19. Be3 axb4 20. Bxd4 Qxd4 21.
Qxd4 Bxd4 22. O-O-O Be3+ 23. Nd2 bxa3 24. Ba2 Reb8 25. Rde1 Bxd2+ 26. Kxd2 Rb2+
27. Kc3 Rxa2 28. g4 Be6 29. Re3 h6 30. h3 Rf2 31. Ra1 a2 32. Rd3 Rxf3 0-1

[Event "Nordic Youth CC 2020 - U11"]
[Site "Fredericia"]
[Date "2020.02.16"]
[Round "6.25"]
[White "Valpas, Jami"]
[Black "Medhus, Vitus Bondo"]
[Result "1/2-1/2"]
[WhiteElo "1306"]
[BlackElo "1779"]
[PlyCount "41"]
[EventDate "2020.02.??"]
[EventType "swiss"]
[EventRounds "6"]
[EventCountry "DEN"]

1. e4 c5 2. Nf3 Nc6 3. d4 cxd4 4. Nxd4 e5 5. Nb3 Nf6 6. Bd3 Bb4+ 7. c3 Be7 8.
O-O O-O 9. N1d2 d6 10. h3 Re8 11. Re1 Bf8 12. c4 Ne7 13. Nf3 h6 14. Bd2 Ng6 15.
Nc1 Nh5 16. Ne2 Be6 17. Kh2 Qb6 18. Qc1 Rac8 19. Be3 Qa6 20. b3 d5 21. exd5
1/2-1/2

[Event "Nordic Youth CC 2020 - U11"]
[Site "Fredericia"]
[Date "2020.02.16"]
[Round "6.26"]
[White "Sakic, Matija"]
[Black "Khoo Thwe, Louis"]
[Result "1/2-1/2"]
[WhiteElo "1444"]
[BlackElo "1753"]
[PlyCount "73"]
[EventDate "2020.02.??"]
[EventType "swiss"]
[EventRounds "6"]
[EventCountry "DEN"]

1. e4 e5 2. Nf3 Nc6 3. Bb5 a6 4. Ba4 Nf6 5. O-O b5 6. Bb3 Be7 7. Re1 O-O 8. c3
d6 9. h3 Na5 10. Bc2 c5 11. d4 Nd7 12. d5 Nc4 13. b3 Ncb6 14. Nh2 f5 15. f3 Bh4
16. Rf1 f4 17. Bd2 Nf6 18. Be1 Nh5 19. Ng4 Bxe1 20. Rxe1 Bxg4 21. fxg4 Ng3 22.
Nd2 Ra7 23. Nf1 Qh4 24. Nh2 Qf6 25. Bd3 g5 26. c4 Rfa8 27. Qd2 b4 28. a3 a5 29.
a4 Rf8 30. Rec1 Rg7 31. Nf1 Nxf1 32. Rxf1 Nc8 33. Be2 Ne7 34. Bf3 Ng6 35. Kf2
Nh4 36. Ke2 Qh6 37. Rh1 1/2-1/2

[Event "Nordic Youth CC 2020 - U11"]
[Site "Fredericia"]
[Date "2020.02.16"]
[Round "6.27"]
[White "Briem, Gudrun Fanney"]
[Black "Jaakkola, Niklas"]
[Result "0-1"]
[WhiteElo "1209"]
[BlackElo "1678"]
[PlyCount "72"]
[EventDate "2020.02.??"]
[EventType "swiss"]
[EventRounds "6"]
[EventCountry "DEN"]

1. d4 Nf6 2. Bf4 c5 3. c3 Qb6 4. Qb3 Qxb3 5. axb3 cxd4 6. cxd4 Nc6 7. e3 Nd5 8.
Bg3 Ndb4 9. Na3 Na5 10. Bc4 d5 11. Bb5+ Bd7 12. Bxd7+ Kxd7 13. Ke2 Nxb3 14. Rb1
Rc8 15. Nf3 f6 16. Rhd1 e6 17. Nd2 Nxd2 18. Kxd2 Be7 19. Nb5 Rc2+ 20. Ke1 a6
21. Na3 Rc6 22. Rd2 h5 23. h4 Rhc8 24. Rdd1 Nc2+ 25. Nxc2 Rxc2 26. Bh2 R8c6 27.
Rd3 Bb4+ 28. Kf1 Rc1+ 29. Rd1 Rxd1+ 30. Rxd1 Rc2 31. Rb1 Kc6 32. f3 f5 33. Be5
g6 34. g3 Kb5 35. b3 Rh2 36. Bf4 Rh1+ 0-1

[Event "Nordic Youth CC 2020 - U11"]
[Site "Fredericia"]
[Date "2020.02.16"]
[Round "6.28"]
[White "Brynjarsson, Einar Dagur"]
[Black "Tran, Sixten"]
[Result "1/2-1/2"]
[WhiteElo "1121"]
[BlackElo "1377"]
[PlyCount "84"]
[EventDate "2020.02.??"]
[EventType "swiss"]
[EventRounds "6"]
[EventCountry "DEN"]

1. e4 c5 2. Nf3 g6 3. c3 d5 4. exd5 Qxd5 5. d4 cxd4 6. cxd4 Nf6 7. Be2 Bg7 8.
O-O O-O 9. Nc3 Qd8 10. h3 Bf5 11. Bf4 h6 12. Re1 Nc6 13. a3 Nd5 14. Nxd5 Qxd5
15. Be5 Nxe5 16. dxe5 Qxd1 17. Raxd1 Rac8 18. Bd3 Bxd3 19. Rxd3 Rc2 20. Rb3 b6
21. Nd4 Rc4 22. Nb5 a6 23. Nc3 b5 24. Na2 Rd8 25. Ree3 Rc2 26. Nb4 Rd1+ 27. Kh2
Rxf2 28. Nxa6 Rdd2 29. Rxb5 Rxg2+ 30. Kh1 Rxb2 31. Rb8+ Rxb8 32. Kxg2 Rb5 33.
e6 Ra5 34. exf7+ Kxf7 35. Nb4 Bb2 36. Nc6 Rg5+ 37. Kh2 Bf6 38. a4 Rc5 39. Nd8+
Ke8 40. Nb7 Rc2+ 41. Kh1 Rc1+ 42. Kg2 Bd4 1/2-1/2

[Event "Nordic Youth CC 2020 - U11"]
[Site "Fredericia"]
[Date "2020.02.16"]
[Round "6.29"]
[White "Brattgjerd, Isak Vinh"]
[Black "Samuelsen, Brestir"]
[Result "1-0"]
[WhiteElo "1780"]
[BlackElo "1191"]
[PlyCount "79"]
[EventDate "2020.02.??"]
[EventType "swiss"]
[EventRounds "6"]
[EventCountry "DEN"]

1. d4 Nf6 2. Nc3 d5 3. Bg5 h6 4. Bxf6 exf6 5. e3 c6 6. Bd3 Bd6 7. Qf3 Bb4 8.
Nge2 Be6 9. g4 Qd7 10. Rg1 g5 11. Qxf6 Rf8 12. h3 Qe7 13. Qxe7+ Bxe7 14. f4 Nd7
15. f5 Nf6 16. fxe6 fxe6 17. Bg6+ Kd7 18. Ng3 Rg8 19. Bd3 b5 20. Nce2 a5 21.
Rf1 Raf8 22. Kd2 Kd6 23. e4 Ne8 24. Ng1 Kd7 25. exd5 exd5 26. Nf5 Bf6 27. Nxh6
Rh8 28. Nf5 Ke6 29. Rae1+ Kd7 30. b3 b4 31. Rf3 c5 32. Ne2 Rh7 33. Bb5+ Kd8 34.
Ng1 Rhh8 35. Rxe8+ Rxe8 36. Bxe8 Rxe8 37. Re3 Rh8 38. Re6 Bxd4 39. Nxd4 cxd4
40. Rd6+ 1-0

[Event "Nordic Youth CC 2020 - U11"]
[Site "Fredericia"]
[Date "2020.02.16"]
[Round "6.30"]
[White "Penki, Tunav Chand"]
[Black "Magnussen, Petur Garsar"]
[Result "1-0"]
[WhiteElo "1233"]
[BlackElo "1000"]
[PlyCount "37"]
[EventDate "2020.02.??"]
[EventType "swiss"]
[EventRounds "6"]
[EventCountry "DEN"]

1. e4 e5 2. Nf3 Nc6 3. d4 exd4 4. Bc4 Bc5 5. c3 dxc3 6. Bxf7+ Kxf7 7. Qd5+ Ke8
8. Qxc5 cxb2 9. Bxb2 Nf6 10. Nbd2 d6 11. Qg5 Qe7 12. O-O Qf7 13. Rfe1 Nb4 14.
Qb5+ Nc6 15. e5 dxe5 16. Nxe5 Qd5 17. Nxc6+ Kd7 18. Re7+ Kd6 19. Ba3+ 1-0